Issledovanija po slavjanskomu jazykoznaniju sbornik v česť šestidesjatiletija professora S. B. Bernštejna

Bibliographic Details
Format: Book
Language:Undetermined
PhysicalDescription:499 s. 22 cm
Published: Moskva Nauka 1971

MARC

LEADER 00000nam a2200000 a 4500
001 vtls001416983
003 SK-MaSNL
005 20260224155106.0
008 210928s1971 xx 0 und
035 |a SNK000371762 
040 |a SNK  |b slo  |c SNK  |e AACR2 
245 0 0 |a Issledovanija po slavjanskomu jazykoznaniju  |b sbornik v česť šestidesjatiletija professora S. B. Bernštejna 
260 |a Moskva  |b Nauka  |c 1971 
300 |a 499 s.  |c 22 cm 
958 |a OND 
999 |c 1069687  |d 1071617 
952 |t P60, <04>, [BOOK], {604}  |a SNK  |b SNK  |y VYP  |7 0  |p 17A0306926  |o snkIC 49254  |0 0  |1 0  |4 0  |d 2001-07-17  |l 0  |r 2005-01-02 00:00:00  |w 2026-02-24